MARC

LEADER 00000nam0a2200000 4500
001 69456
005 20231101212440.0
010 |a 5250018742 
035 |a (RuTPU)RU\TPU\book\73954 
090 |a 69456 
100 |a 20041025d2004 k y0rusy50 ca 
101 0 |a rus 
102 |a RU 
105 |a y z 001zy 
200 1 |a Толерантность  |f Институт комплексных социальных исследований РАН; Московский государственный социальный университет; Под ред. М. П. Мчедлова 
210 |a Москва  |c Республика  |d 2004 
215 |a 415 с. 
320 |a Указатель имен: с. 408-412. 
606 1 |a Политическая идеология  |2 stltpush  |3 (RuTPU)RU\TPU\subj\71147  |9 85183 
606 1 |a Социальная политика  |x Социально-политические проблемы  |2 stltpush  |3 (RuTPU)RU\TPU\subj\64561  |9 81410 
610 1 |a политика 
610 1 |a политическая теория 
610 1 |a политические идеологии 
610 1 |a политические процессы 
610 1 |a толерантность 
610 1 |a Россия 
610 1 |a социально-политические отношения 
610 1 |a межнациональные отношения 
610 1 |a межличностные взаимоотношения 
610 1 |a межкультурные коммуникации 
610 1 |a межконфессиональные отношения 
610 1 |a права человека 
610 1 |a веротерпимость 
610 1 |a социальная работа 
610 1 |a человек 
686 |a Ф011  |v LBC/SL-A  |2 rubbk 
686 |a Ф3(2)3  |v LBC/SL-A  |2 rubbk 
702 1 |a Мчедлов  |b М. П.  |4 340 
712 0 2 |a Московский государственный социальный университет  |2 stltpush  |3 (RuTPU)RU\TPU\col\171 
712 0 2 |a Российская академия наук (РАН)  |b Институт комплексных социальных исследований (ИКСИ)  |c (Москва)  |2 stltpush  |3 (RuTPU)RU\TPU\col\1289 
801 1 |a RU  |b 63413507  |c 20041025  |g PSBO 
801 2 |a RU  |b 63413507  |c 20131108  |g PSBO 
942 |c BK